000
00344nam a2200157Ia 4500
100
_a
Wolf/Wayne
650
_a
Embedded computing
942
_c
RB
366
_f
20
245
_a
High performance embedded computing
260
_b
Morgan Kaufmann
_c
2008
082
_a
3.3
_b
WOL
300
_a
372
546
_a
ENGLISH
_c
Computers
999
_c
19237
_d
19237